Statistics for Juventus Most Appareances 2000-2019

Click here to take the quiz!

General Stats

  • This quiz has been taken 139 times
    (126 since last reset)
  • The average score is 57 of 113

Answer Stats

#CountryPositionAnswer% Correct
664ItalyGKGianluigi Buffon
99%
507ItalyDFGiorgio Chiellini
99%
481ItalyFWAlessandro Del Piero
94%
383ItalyDFLeonardo Bonucci
94%
204ArgentinaFWPaulo Dybala
94%
327Czech RepublicMFPavel Nedved
90%
171ChileMFArturo Vidal
87%
320FranceFWDavid Trezeguet
86%
156ColombiaMFJuan Cuadrado
86%
164ItalyMFAndrea Pirlo
84%
389ItalyMFClaudio Marchisio
84%
44GermanyMFEmre Can
84%
157Bosnia & HerzegovinaMFMiralem Pjanic
84%
178FranceMFPaul Pogba
84%
175BrazilDFAlex Sandro
82%
281ItalyDFAndrea Barzagli
81%
64PortugalFWCristiano Ronaldo
81%
156GhanaMFKwadwo Asamoah
81%
92SwedenFWZlatan Ibrahimovic
81%
127ArgentinaFWGonzalo Higuain
80%
162CroatiaFWMario Mandzukic
80%
259SwitzerlandDFStephan Lichtsteiner
80%
204FranceDFLilian Thuram
77%
93SpainFWAlvaro Morata
76%
86UruguayMFRodrigo Bentancur
74%
128ItalyDFFabio Cannavaro
72%
78PolandGKWojciech Szczesny
72%
144GermanyMFSami Khedira
71%
96ArgentinaFWCarlos Tevez
69%
59MoroccoDFMedhi Benatia
69%
274ItalyMFGianluca Zambrotta
66%
90ItalyDFDaniele Rugani
64%
119UruguayDFMartin Caceres
64%
82FranceDFPatrice Evra
63%
61FranceMFZinedine Zidane
62%
92ItalyFWAlessandro Matri
61%
109FranceMFBlaise Matuidi
61%
150NetherlandsMFEdgar Davids
61%
92SpainFWFernando Llorente
61%
82BrazilFWDouglas Costa
60%
96MontenegroFWMirko Vucinic
60%
288ItalyMFMauro Camoranesi
58%
42GabonMFMario Lemina
54%
132ItalyFWSebastian Giovinco
54%
34PortugalDFJoao Cancelo
53%
60DenmarkMFChristian Poulsen
51%
57ItalyDFMattia De Sciglio
50%
46NetherlandsGKEdwin van der Sar
49%
48ChileMFMauricio Isla
49%
102ItalyFWFabio Quagliarella
48%
141UruguayDFPaolo Montero
48%
114Czech RepublicDFZdenek Grygera
48%
46RomaniaFWAdrian Mutu
47%
91BrazilMFEmerson
47%
64ItalyGKMarco Storari
47%
68ArgentinaMFRoberto Pereyra
47%
47BrazilMFDiego
46%
126ItalyMFAntonio Conte
44%
50SerbiaMFMilos Krasic
44%
205ItalyMFAlessio Tacchinardi
43%
124CroatiaDFIgor Tudor
43%
100MaliMFMohamed Sissoko
43%
59ItalyDFFabio Grosso
42%
78BrazilMFFelipe Melo
42%
160UruguayFWMarcelo Zalayeta
42%
128ItalyDFPaolo De Ceglie
42%
42FranceMFPatrick Vieira
42%
90ItalyMFStefano Sturaro
42%
148ItalyDFCiro Ferrara
41%
42AustriaGKAlexander Manninger
40%
95ItalyMFSimone Pepe
40%
33BrazilDFDaniel Alves
39%
55ItalyFWFilippo Inzaghi
39%
117FranceDFJonathan Zebina
39%
100ItalyFWAmauri
38%
52ItalyMFEmanuele Giaccherini
38%
88ItalyMFFederico Bernardeschi
38%
32ChileFWMarcelo Salas
37%
73Bosnia & HerzegovinaMFHasan Salihamidzic
36%
106ItalyMFSimone Padoin
36%
108ItalyFWVincenzo Iaquinta
36%
38SwedenDFOlof Mellberg
34%
43CroatiaDFRobert Kovac
34%
69GhanaMFStephen Appiah
33%
55ItalyDFAngelo Ogbonna
32%
204ItalyDFGianluca Pessotto
32%
84ItalyFWMarco Di Vaio
32%
154ItalyDFNicola Legrottaglie
32%
27ItalyGKChristian Abbiati
31%
35BrazilMFHernanes
30%
53PortugalMFTiago
30%
36FranceDFJean-Alain Boumsong
29%
35ItalyDFMarco Motta
29%
150ItalyDFMark Iuliano
29%
201ItalyDFAlessandro Birindelli
28%
71ItalyMFCristiano Zanetti
28%
34ItalyMFAlberto Aquilani
26%
81ItalyDFCristian Molinaro
26%
31ItalyDFFederico Peluso
24%
34ItalyGKAntonio Chimenti
23%
47SerbiaFWDarko Kovacevic
22%
68ItalyDFFederico Balzaretti
21%
78ItalyMFMarco Marchionni
21%
39ItalyFWFabrizio Miccoli
20%
57ItalyFWRaffaele Palladino
20%
39UruguayMFRuben Olivera
19%
58ItalyMFEnzo Maresca
16%
57ItalyMFManuele Blasi
16%
57ItalyMFMatteo Paro
14%
36ItalyMFAntonio Nocerino
11%
46ItalyMFGiuliano Giannichedda
7%
58ItalyDFCristian Zenoni
6%
45ItalyDFMichele Paramatti
2%

Score Distribution

Percentile by Number Answered

Percent of People with Each Score

Your Score History

You have not taken this quiz since the last reset